000 00512cam a2200169 a 4500
020 _a0072892013
040 _cDLC
082 0 0 _a604 WCB 1998 A036 Or.
245 0 0 _aFundamentals of graphics communication /
250 _a2nd ed.
260 _aBoston, Mass. :
_bWCB/McGraw-Hill,
_cc1998.
300 _axix, 664, [63] p. :
_bill. (some col.) ;
_c27 cm. +
_e1 computer laser optical disc (4 3/4 in.)
500 _aIncludes index.
650 0 _aEngineering graphics.
700 1 _aBertoline, Gary R.
942 _cEK
999 _c11385
_d11385